000 00352pam a2200157a 44500
008 230515b2002 xxu||||| |||| 00| 0 eng d
020 _aNULL
041 _aENGLISH
082 _a630
100 _aPAVASKAR D S
245 _aTEXT BOOK OF HEAT TRANSFER
250 _a4
260 _aDELHI
_bNIRALI PRAKASHAN
_c2002
300 _a225
650 _aNULL
999 _c651160
_d651160